Динамический подход к рассмотрению формирования угловых распределений осколков деления возбужденных компаунд-ядер: автореферат диссертации на соискание ученой степени кандидата физико-математических наук; спец. 01.04.16

Dades bibliogràfiques
Autor principal: Хирьянов Р. М. Роман Михайлович
Autor corporatiu: Томский политехнический университет (ТПУ), Омский государственный университет им. Ф. М. Достоевского (ОмГУ)
Altres autors: Адеев Г. Д. (научный руководитель)
Sumari:Заглавие с титульного экрана
Электронная версия печатной публикации
Idioma:rus
Publicat: Томск, 2009
Matèries:
Accés en línia:http://www.lib.tpu.ru/fulltext/a/2009/54.pdf
Format: MixedMaterials Electrònic Llibre
KOHA link:https://koha.lib.tpu.ru/cgi-bin/koha/opac-detail.pl?biblionumber=171406

MARC

LEADER 00000nlm0a2200000 4500
001 171406
005 20231101222946.0
035 |a (RuTPU)RU\TPU\book\185864 
090 |a 171406 
100 |a 20091204d2009 k y0rusy50 ca 
101 0 |a rus 
102 |a RU 
105 |a a dm 000zy 
135 |a drbn ---uucaa 
181 0 |a i  
182 0 |a b 
200 1 |a Динамический подход к рассмотрению формирования угловых распределений осколков деления возбужденных компаунд-ядер  |b Электронный ресурс  |e автореферат диссертации на соискание ученой степени кандидата физико-математических наук  |f Р. М. Хирьянов  |g Томский политехнический университет (ТПУ) ; Омский государственный университет им. Ф. М. Достоевского (ОмГУ) ; науч. рук. Г. Д. Адеев  |e спец. 01.04.16 
203 |a Текст  |c электронный 
210 |a Томск  |d 2009 
215 |a 1 файл (611 Kb) 
230 |a Электронные текстовые данные (1 файл : 611 Kb) 
300 |a Заглавие с титульного экрана 
300 |a Электронная версия печатной публикации 
337 |a Adobe Reader 
606 1 |a Атомное ядро  |x Деление  |2 stltpush  |3 (RuTPU)RU\TPU\subj\29691  |9 52967 
610 1 |a атомная физика 
610 1 |a динамика 
610 1 |a стохастический подход 
610 1 |a угловые скорости 
610 1 |a угловые распределения 
610 1 |a расчет 
610 1 |a осколки деления 
610 1 |a предразрывные нейтроны 
610 1 |a множественность 
610 1 |a анализ 
610 1 |a авторефераты диссертаций 
610 1 |a электронный ресурс 
675 |a 539.173(04)  |v 3 
686 |a 01.04.16  |2 oksvnk 
700 1 |a Хирьянов  |b Р. М.  |g Роман Михайлович 
702 1 |a Адеев  |b Г. Д.  |4 727 
712 0 2 |a Томский политехнический университет (ТПУ)  |c (1991- )  |2 stltpush  |3 (RuTPU)RU\TPU\col\376 
712 0 2 |a Омский государственный университет им. Ф. М. Достоевского (ОмГУ)  |2 stltpush  |3 (RuTPU)RU\TPU\col\403 
801 1 |a RU  |b 63413507  |c 20091204 
801 2 |a RU  |b 63413507  |c 20151116  |g RCR 
856 4 |u http://www.lib.tpu.ru/fulltext/a/2009/54.pdf 
942 |c CF